The marketing of ideas and social issues /

Bibliographic Details
Main Author: Fine, Seymour H.
Format: Book
Language:English
Published: New York, N.Y. : Praeger, 1981.
Series:Praeger series in public and nonprofit sector marketing.
Subjects:

MARC

Tag First Indicator Second Indicator Subfields
LEADER 00000cam a22000008a 4500
001 in00000070350
005 20151008061716.0
008 810130s1981 nyua b 00110 engm
010 |a  81000850  
020 |a 0030592771 :  |c $19.95 
035 |a (OCoLC)07282183 
035 |9 AAJ8647AM 
039 0 |a 2  |b 3  |c 3  |d 3  |e 3 
040 |a DLC  |c DLC  |d m.c.  |d TXA  |d UtOrBLW 
043 |a n-us--- 
049 |a TXAM  |c [932572] 
050 0 0 |a HF5415.1  |b .F55 
082 0 |a 303.4  |2 19 
100 1 |a Fine, Seymour H. 
245 1 4 |a The marketing of ideas and social issues /  |c Seymour H. Fine. 
263 |a 8106 
264 1 |a New York, N.Y. :  |b Praeger,  |c 1981. 
300 |a xii, 227 pages :  |b illustrations ;  |c 25 cm. 
336 |a text  |b txt  |2 rdacontent 
337 |a unmediated  |b n  |2 rdamedia 
338 |a volume  |b nc  |2 rdacarrier 
490 1 |a Praeger series in public and nonprofit sector marketing 
500 |a Includes index. 
504 |a Bibliography: pages 207-222. 
650 0 |a Marketing  |x Social aspects  |z United States. 
650 0 |a Marketing  |x Social aspects  |z United States  |x Case studies. 
830 0 |a Praeger series in public and nonprofit sector marketing. 
999 |a MARS 
999 f f |s 8c912532-e3e3-3264-94f6-63036fc1197e  |i 626b4262-6b7a-3e26-b3d5-c3aabf2451cd  |t 0 
952 f f |p ric  |a Texas A&M University  |b Rellis Campus  |c Joint Library Facility  |s JLF  |d Remote Storage  |t 0  |e HF5415.1 .F55  |h Library of Congress classification  |i unmediated -- volume  |m A14806134375 
998 f f |a HF5415.1 .F55  |t 0  |l Remote Storage